Denial of access to justice in public interest litigation in Nigeria: Need to learn from Indian judiciary (Record no. 96475)

000 -LEADER
fixed length control field 00567pab a2200193 454500
008 - FIXED-LENGTH DATA ELEMENTS--GENERAL INFORMATION
fixed length control field 180718b2011 xxu||||| |||| 00| 0 eng d
100 ## - MAIN ENTRY--PERSONAL NAME
Personal name Salman, R.K.
245 ## - TITLE STATEMENT
Title Denial of access to justice in public interest litigation in Nigeria: Need to learn from Indian judiciary
260 ## - PUBLICATION, DISTRIBUTION, ETC.
Date of publication, distribution, etc. 2011
300 ## - PHYSICAL DESCRIPTION
Extent p.594-625.
362 ## - DATES OF PUBLICATION AND/OR SEQUENTIAL DESIGNATION
Dates of publication and/or sequential designation Oct - Dec
650 ## - SUBJECT ADDED ENTRY--TOPICAL TERM
Topical term or geographic name entry element Public interest litigation - India
650 ## - SUBJECT ADDED ENTRY--TOPICAL TERM
Topical term or geographic name entry element Judiciary - India
650 ## - SUBJECT ADDED ENTRY--TOPICAL TERM
Topical term or geographic name entry element Judiciary
700 ## - ADDED ENTRY--PERSONAL NAME
Personal name Ayankogbe, O.O.
773 ## - HOST ITEM ENTRY
Main entry heading Journal of the Indian Law Institute
908 ## - PUT COMMAND PARAMETER (RLIN)
Put command parameter N
909 ## -
-- 96475
Holdings
Withdrawn status Lost status Damaged status Not for loan Permanent Location Current Location Date acquired Serial Enumeration / chronology Barcode Date last seen Price effective from Koha item type
        Indian Institute of Public Administration Indian Institute of Public Administration 2018-07-19 Volume no: 53, Issue no: 4 AR96935 2018-07-19 2018-07-19 Articles

Powered by Koha